| 000 | 00521nam a2200193Ia 4500 | ||
|---|---|---|---|
| 003 | GCL | ||
| 008 | 140319s9999 xx 000 0 eng d | ||
| 040 |
_aGCL / _cGCL |
||
| 082 | 0 | 4 |
_a759.05 _bT O |
| 100 | 1 | _aTHORNTON,LYNNE | |
| 245 | 1 | 0 |
_aLES ORIENTALISTES: PEINTRES VOYAGEURS 1828 - 1908 / _cTHORNTON,LYNNE |
| 260 |
_a[S.N] : _bACR EDITION ، _c1983 |
||
| 300 | _a272 | ||
| 650 | 0 | 4 | _aPAINTING |
| 650 | 0 | 4 | _aORIENTALISTS |
| 650 | 0 | 4 | _aPAINTING - 19TH CENTURY |
| 650 | 0 | 4 | _aORIENTALISTS PAINTINGS |
| 942 |
_2ddc _cBK |
||
| 999 |
_c13121 _d13121 |
||